| 000 | nam a22 7a 4500 | ||
|---|---|---|---|
| 999 |
_c7734 _d7734 |
||
| 005 | 20190719011826.0 | ||
| 008 | 190719b xxu||||| |||| 00| 0 eng d | ||
| 020 |
_a9789712729843 _bpaperback |
||
| 040 |
_beng _cAPEC Schools Library _erda |
||
| 082 |
_aF 959.9 _bOc12s 2014 |
||
| 100 | _aOcampo, Ambeth R. | ||
| 245 |
_aStorm chasers / _cAmbeth R. Ocampo |
||
| 264 |
_aMandaluyong City : _bAnvil Publishing House, _c©2014. |
||
| 300 |
_a98 pages : _billustrations ; |
||
| 336 |
_2rdacontent _atext |
||
| 337 |
_2rdamedia _aunmediated |
||
| 338 |
_2rdacarrier _avolume |
||
| 650 | _aHistory--Philippines. | ||
| 942 |
_2ddc _cNFIC |
||